Statistiques concernant Les États-Unis par images

Cliquez ici pour prendre le quiz!

Statistiques générales

  • Ce quiz a été pris 959 fois
  • Le résultat moyen est 12 sur 18

Statistiques - réponses

Réponse% Correct
Hamburger
96%
Hot Dog
96%
Maison-Blanche
96%
Elvis Presley
89%
Ariana Grande
82%
Chevrolet
74%
Mont Rushmore
70%
Chicago
67%
Seattle
67%
Pont de {Brooklyn}
64%
Pont du {Golden Gate}
61%
Louisiane
59%
Lac {Michigan}
55%
Colorado
54%
Clint Eastwood
49%
One World Trade Center
38%
Grand Prismatic Spring
27%
Saint-Louis
20%

Distribution des résultats

Percentile par nombre de réponses

% des personnes avec chaque résultat

Votre développement - résultats

Vous n’avez pas pris ce quiz